Seveu chur la langue (click quiz) - Statistiques

Statistiques générales
  • Ce quiz a été pris 86 fois
  • Le résultat moyen est 9 sur 10
Statistiques - réponses
Hint Réponse % Correct
Salut Chalut
99%
Sar Char
99%
Sauve Chauve
96%
Série Chérie
96%
Sic Chic
96%
Sienne Chienne
96%
Sou Chou
96%
Sasse Chasse
93%
Sas Chas
90%
Sasse Chasse
80%
Aucun quiz correspondant
Distribution des résultats
% des personnes avec chaque résultat
Percentile par nombre de réponses
Votre historique - résultats
Vous n’avez pas pris ce quiz